000 02430cam a2200337 a 4500
999 _c27270
_d27270
006 m o d
007 cr cnu---unuuu
008 141003s2014 ne o 000 0 eng d
016 7 _a016886708
_2Uk
016 7 _a016884700
_2Uk
020 _a9780081000021
_q(electronic bk.)
020 _a0081000022
_q(electronic bk.)
020 _q(pbk.)
040 _aUKMGB
_beng
_epn
072 7 _aTEC
_x014000
_2bisacsh
082 0 4 _a627.98
_223
100 1 _aEl-Reedy, Mohamed A.
_q(Mohamed Abdallah),
245 1 0 _aMarine structural design calculations /
_cMohamed El-Reedy.
260 _aSingapore :
_bElsevier,
_c2015.
300 _a1 online resource
520 _aThe perfect guide for veteran structural engineers or for engineers just entering the field of offshore design and construction, Marine Structural Design Calculations offers structural and geotechnical engineers a multitude of worked-out marine structural construction and design calculations. Each calculation is discussed in a concise, easy-to-understand manner that provides an authoritative guide for selecting the right formula and solving even the most difficult design calculation. Calculation methods for all areas of marine structural design and construction are presented and practical solutions are provided. Theories, principles, and practices are summarized. The concentration focuses on formula selection and problem solving. A "quick look up guide, Marine Structural Design Calculations includes both fps and SI units and is divided into categories such as Project Management for Marine Structures; Marine Structures Loads and Strength; Marine Structure Platform Design; and Geotechnical Data and Pile Design. The calculations are based on industry code and standards like American Society of Civil Engineers and American Society of Mechanical Engineers, as well as institutions like the American Petroleum Institute and the US Coast Guard. Case studies and worked examples are included throughout the book
650 0 _aOffshore structures
_xDesign and construction.
650 0 _aMarine engineering.
650 6 _aM�ecanique navale.
650 7 _amarine engineering.
_2aat
650 7 _aTECHNOLOGY & ENGINEERING
_xHydraulics.
_2bisacsh
650 7 _aMarine engineering.
_2fast
650 7 _aOffshore structures
_xDesign and construction.
_2fast
856 4 0 _uhttps://www.sciencedirect.com/science/book/9780080999876
942 _cEBK